[Event "NRW-ch U14"]
[Site "Kranenburg"]
[Date "2009.04.14"]
[Round "2"]
[White "Azizi, Nassim"]
[Black "Mundorf, Johannes"]
[Result "0-1"]
[WhiteElo "1692"]
[BlackElo "1688"]
[PlyCount "60"]
[EventDate "2009.04.13"]
[EventType "swiss"]
[EventRounds "7"]
[EventCountry "GER"]
[SourceTitle "EXT 2010"]
[Source "ChessBase"]
[SourceDate "2010.11.25"]
[SourceVersion "1"]
[SourceVersionDate "2010.11.25"]
[SourceQuality "1"]

1. d4 d5 2. c4 e6 3. Nc3 Nf6 4. Bg5 Nbd7 5. Nf3 Be7 6. e3 0-0 7. cxd5 exd5 8. Bd3 c6 9. Qc2 Re8 10. 0-0 g6 11. Rab1 Nh5 12. Bxe7 Qxe7 13. b4 a6 14. a4 Nb6 15. b5 axb5 16. axb5 c5 17. dxc5 Qxc5 18. Nd4 Bd7 19. Rbc1 Qd6 20. Rfd1 Nf6 21. Qb2 Rac8 22. Be2 Bg4 23. h3 Bxe2 24. Ndxe2 Rc4 25. Qd2 Qc5 26. Nf4 Rc8 27. Nd3 Qa3 28. Ne2 Ne4 29. Qb2 Qxb2 30. Nxb2 Rc2 0-1

[Event "GER-ch U12"]
[Site "Willingen"]
[Date "2008.05.17"]
[Round "11"]
[White "Azizi, Nassim"]
[Black "Lebeda, Timo"]
[Result "1-0"]
[WhiteElo "1643"]
[BlackElo "1889"]
[PlyCount "115"]
[EventDate "2008.05.11"]
[EventType "swiss"]
[EventRounds "11"]
[EventCountry "GER"]
[SourceTitle "CBM 124 Extra"]
[Source "ChessBase"]
[SourceDate "2008.07.03"]
[SourceVersion "1"]
[SourceVersionDate "2008.07.03"]
[SourceQuality "1"]

1. d4 d5 2. Nf3 Nf6 3. e3 c6 4. Bd3 g6 5. c4 Bg7 6. a3 0-0 7. 0-0 Nbd7 8. b4 a5 9. Bb2 Nb6 10. c5 Nc4 11. Bxc4 dxc4 12. Qc2 axb4 13. axb4 Rxa1 14. Bxa1 Be6 15. Nbd2 b5 16. cxb6 Qxb6 17. Nxc4 Qxb4 18. Nce5 Rc8 19. Rc1 Bd5 20. Bc3 Qd6 21. Bb2 Ne4 22. Nd3 Bf8 23. Nc5 Nxc5 24. dxc5 Qe6 25. Nd4 Qg4 26. f3 Qd7 27. e4 Be6 28. Nxe6 Qxe6 29. Qc3 f6 30. e5 Kf7 31. exf6 exf6 32. Re1 Qf5 33. Qc4+ Qd5 34. Rc1 Qxc4 35. Rxc4 Rd8 36. Rc2 Rd5 37. Ba3 Ke6 38. Kf2 Rd3 39. Bb4 Rb3 40. Bd2 Kd5 41. Be3 Rb5 42. Rd2+ Kc4 43. Rc2+ Kd3 44. Rd2+ Kc3 45. Rd7 Bxc5 46. Bxc5 Rxc5 47. Rxh7 Re5 48. Rh6 Rg5 49. h4 Rh5 50. Rxh5 gxh5 51. g4 hxg4 52. fxg4 Kd4 53. h5 f5 54. g5 Ke5 55. h6 f4 56. h7 Kf5 57. h8Q Kxg5 58. Qc3 1-0

[Event "GER-ch U12"]
[Site "Willingen"]
[Date "2008.05.16"]
[Round "9"]
[White "Azizi, Nassim"]
[Black "Xu, Xianliang"]
[Result "0-1"]
[WhiteElo "1643"]
[BlackElo "1801"]
[PlyCount "74"]
[EventDate "2008.05.11"]
[EventType "swiss"]
[EventRounds "11"]
[EventCountry "GER"]
[SourceTitle "CBM 124 Extra"]
[Source "ChessBase"]
[SourceDate "2008.07.03"]
[SourceVersion "1"]
[SourceVersionDate "2008.07.03"]
[SourceQuality "1"]

1. d4 d5 2. Nf3 Nf6 3. e3 Bf5 4. c4 e6 5. Qb3 Nc6 6. Bd2 Rb8 7. a3 Be7 8. Be2 0-0 9. 0-0 Qd7 10. Nc3 Na5 11. Qa2 dxc4 12. Ne5 Qd8 13. Nxc4 Nxc4 14. Bxc4 c5 15. dxc5 Bxc5 16. Rac1 Qe7 17. b4 Bb6 18. Rfd1 Rbc8 19. Na4 Bc7 20. Bc3 Ne4 21. Bd4 Qh4 22. g3 Qh6 23. f3 Ng5 24. Qe2 Qh5 25. Rf1 Nh3+ 26. Kg2 Ng5 27. Kg1 Nh3+ 28. Kh1 Qh6 29. Bb5 e5 30. Bc5 Bd6 31. Bxa7 e4 32. g4 exf3 33. Qxf3 Rxc1 34. Rxc1 Be4 35. Qxe4 Nf2+ 36. Kg2 Nxe4 37. Kf3 Ng5+ 0-1

[Event "GER-ch U12"]
[Site "Willingen"]
[Date "2008.05.16"]
[Round "10"]
[White "Grewenig, Jan"]
[Black "Azizi, Nassim"]
[Result "0-1"]
[WhiteElo "1619"]
[BlackElo "1643"]
[PlyCount "70"]
[EventDate "2008.05.11"]
[EventType "swiss"]
[EventRounds "11"]
[EventCountry "GER"]
[SourceTitle "CBM 124 Extra"]
[Source "ChessBase"]
[SourceDate "2008.07.03"]
[SourceVersion "1"]
[SourceVersionDate "2008.07.03"]
[SourceQuality "1"]

1. e4 c5 2. Nf3 e6 3. d4 cxd4 4. Nxd4 Bc5 5. Nb3 Bb6 6. Nc3 Ne7 7. Bf4 d5 8. exd5 exd5 9. Bd3 Nbc6 10. Qd2 Be6 11. 0-0 0-0 12. Rad1 a6 13. Rfe1 Ba7 14. Na4 Qc8 15. Nac5 Ng6 16. Bg3 Nce7 17. Nxe6 fxe6 18. Re2 Re8 19. Rde1 Nf8 20. Qg5 Neg6 21. h4 Qd8 22. Qg4 Qf6 23. h5 Ne7 24. c4 Rac8 25. Bh4 Qf7 26. Bxe7 dxc4 27. Bxc4 Rxe7 28. Bxe6 Nxe6 29. Rxe6 Qxf2+ 30. Kh2 Bb8+ 31. Kh3 Rd8 32. Nc1 Qxe1 33. Rxe1 Rxe1 34. Qc4+ Kh8 35. Nd3 Re3+ 0-1

[Event "GER-ch U12"]
[Site "Willingen"]
[Date "2008.05.15"]
[Round "8"]
[White "Osmanodja, Filiz"]
[Black "Azizi, Nassim"]
[Result "1-0"]
[WhiteElo "1984"]
[BlackElo "1643"]
[PlyCount "41"]
[EventDate "2008.05.11"]
[EventType "swiss"]
[EventRounds "11"]
[EventCountry "GER"]
[SourceTitle "CBM 124 Extra"]
[Source "ChessBase"]
[SourceDate "2008.07.03"]
[SourceVersion "1"]
[SourceVersionDate "2008.07.03"]
[SourceQuality "1"]

1. e4 c5 2. Nf3 e6 3. d4 cxd4 4. Nxd4 Nf6 5. Nc3 Nc6 6. Nxc6 bxc6 7. Bd3 Bb4 8. 0-0 Bxc3 9. bxc3 Qa5 10. c4 Nxe4 11. Qg4 Qe5 12. Bf4 Nxf2 13. Qg3 Qd4 14. Qxf2 Qxf2+ 15. Rxf2 f6 16. Bd6 Kf7 17. c5 a5 18. Rb1 Ba6 19. Bxa6 Rxa6 20. Rb7 Rd8 21. Rd2 1-0

[Event "GER-ch U12"]
[Site "Willingen"]
[Date "2008.05.12"]
[Round "3"]
[White "Azizi, Nassim"]
[Black "Bauer, Andreas"]
[Result "1/2-1/2"]
[WhiteElo "1643"]
[BlackElo "1986"]
[PlyCount "71"]
[EventDate "2008.05.11"]
[EventType "swiss"]
[EventRounds "11"]
[EventCountry "GER"]
[SourceTitle "CBM 124 Extra"]
[Source "ChessBase"]
[SourceDate "2008.07.03"]
[SourceVersion "1"]
[SourceVersionDate "2008.07.03"]
[SourceQuality "1"]

1. d4 f5 2. Nf3 Nf6 3. e3 e6 4. Bd3 b6 5. Nbd2 Bb7 6. 0-0 Be7 7. Re1 Ne4 8. Ne5 0-0 9. c3 d6 10. Nef3 Nd7 11. Qb3 Rf6 12. Qc2 d5 13. Ne5 Nxe5 14. dxe5 Rf7 15. f4 g5 16. Nf3 gxf4 17. exf4 Rg7 18. Nd4 Bc5 19. Be3 Bxd4 20. cxd4 Kh8 21. Kh1 Qh4 22. b4 Rag8 23. Bxe4 dxe4 24. Re2 Ba6 25. Rf2 Bd3 26. Qd2 Rg6 27. Rc1 Rh6 28. h3 Qg3 29. a4 Qg7 30. Ra1 Rg6 31. a5 Rc8 32. Rc1 Qd7 33. Qc3 Rg3 34. Qe1 Rgg8 35. Rb2 Ra8 36. Qc3 1/2-1/2

[Event "GER-ch U12"]
[Site "Willingen"]
[Date "2008.05.11"]
[Round "2"]
[White "Polert, Annika"]
[Black "Azizi, Nassim"]
[Result "0-1"]
[WhiteElo "1196"]
[BlackElo "1643"]
[PlyCount "98"]
[EventDate "2008.05.11"]
[EventType "swiss"]
[EventRounds "11"]
[EventCountry "GER"]
[SourceTitle "CBM 124 Extra"]
[Source "ChessBase"]
[SourceDate "2008.07.03"]
[SourceVersion "1"]
[SourceVersionDate "2008.07.03"]
[SourceQuality "1"]

1. e4 c5 2. c3 b6 3. d4 Bb7 4. Bd3 g6 5. Ne2 Bg7 6. Be3 d6 7. 0-0 Nf6 8. f3 0-0 9. Nd2 e6 10. Qb3 Qc7 11. Rac1 Nc6 12. Qa3 Qe7 13. Rfe1 Rfe8 14. Bg5 h6 15. Bh4 g5 16. Bf2 Nd7 17. Qa4 a6 18. a3 b5 19. Qd1 Qf8 20. Kh1 f5 21. Rf1 Qf6 22. Bb1 Rad8 23. Qc2 Ne7 24. f4 g4 25. Ng3 Rf8 26. Ba2 c4 27. b3 d5 28. exd5 exd5 29. Rfe1 Rf7 30. Re2 Nf8 31. Rce1 Rd7 32. Nb1 Bc8 33. Re3 Rd6 34. Qe2 Ne6 35. Nd2 Nxf4 36. Qf1 Nd3 37. R1e2 f4 38. Nh5 Qg5 39. h4 gxh3 40. Rxh3 Bxh3 41. Nxg7 Bxg2+ 42. Qxg2 Qxg2+ 43. Kxg2 Nc1 44. Re5 Rxg7+ 45. Kf3 Nxa2 46. bxc4 bxc4 47. Bh4 Ng6 48. Rh5 Nxh4+ 49. Rxh4 Rf7 0-1

[Event "NRW-ch U12"]
[Site "Kranenburg"]
[Date "2008.03.26"]
[Round "4"]
[White "Mueller, Nick"]
[Black "Azizi, Nassim"]
[Result "1-0"]
[WhiteElo "1224"]
[BlackElo "1693"]
[PlyCount "50"]
[EventDate "2008.03.24"]
[EventType "swiss"]
[EventRounds "7"]
[EventCountry "GER"]
[SourceTitle "EXT 2009"]
[Source "ChessBase"]
[SourceDate "2008.11.26"]
[SourceVersion "1"]
[SourceVersionDate "2008.11.26"]
[SourceQuality "1"]

1. e4 c5 2. c3 b6 3. d4 Bb7 4. Bd3 c4 5. Bc2 Nf6 6. Nd2 Qc7 7. Ngf3 e6 8. 0-0 g6 9. Qe2 b5 10. e5 Nd5 11. Ne4 Nc6 12. Bg5 Be7 13. Bxe7 Kxe7 14. Nd6 a6 15. Ng5 f6 16. Ngf7 Rhf8 17. Nxb7 Qxb7 18. Nd6 Qb8 19. f4 Qb6 20. Kh1 Nd8 21. Be4 f5 22. Bxd5 exd5 23. Qf2 Rf7 24. Qh4+ Ke6 25. Nxf7 Nxf7 1-0

[Event "Unna op"]
[Site "Unna"]
[Date "2007.12.27"]
[Round "1"]
[White "Litwak, Aleksej"]
[Black "Azizi, Nassim"]
[Result "1-0"]
[WhiteElo "2298"]
[BlackElo "1661"]
[PlyCount "31"]
[EventDate "2007.12.27"]
[EventType "swiss"]
[EventRounds "7"]
[EventCountry "GER"]
[SourceTitle "CBM 122 Extra"]
[Source "ChessBase"]
[SourceDate "2008.03.04"]
[SourceVersion "1"]
[SourceVersionDate "2008.03.04"]
[SourceQuality "1"]

1. e4 c5 2. Nf3 e6 3. d4 cxd4 4. Nxd4 a6 5. Nc3 Qc7 6. Be2 Nf6 7. 0-0 d6 8. a4 b6 9. f4 Nbd7 10. Bf3 Bb7 11. Qe2 e5 12. Nd5 Nxd5 13. exd5 0-0-0 14. Nc6 Bxc6 15. dxc6 Nb8 16. Bg4+ 1-0

[Event "Lippe Cup 04th"]
[Site "Lieme"]
[Date "2007.09.28"]
[Round "1"]
[White "Grochtmann, Stephan"]
[Black "Azizi, Nassim"]
[Result "1-0"]
[WhiteElo "2097"]
[BlackElo "1706"]
[PlyCount "65"]
[EventDate "2007.09.28"]
[EventType "swiss"]
[EventRounds "5"]
[EventCountry "GER"]
[SourceTitle "EXT 2012"]
[Source "ChessBase"]
[SourceDate "2011.11.24"]
[SourceVersion "1"]
[SourceVersionDate "2011.11.24"]
[SourceQuality "1"]

1. e4 e6 2. b3 c5 3. Bb2 Nc6 4. Nf3 Nf6 5. e5 Nd5 6. g3 g6 7. c4 Nde7 8. Nc3 Bg7 9. Ne4 Qc7 10. Nd6+ Kf8 11. Qe2 Nf5 12. Nxf5 exf5 13. Bg2 b6 14. 0-0 Bb7 15. d4 d6 16. exd6 Qxd6 17. d5 Ne7 18. Rfe1 Re8 19. Rad1 f6 20. Bc1 g5 21. Rd3 h6 22. Ba3 Bc8 23. Nd4 Kf7 24. Re3 Bd7 25. Ne6 Rhg8 26. Nxg7 Rxg7 27. Bb2 Rgg8 28. Qh5+ Rg6 29. Re6 Bxe6 30. Rxe6 Qxe6 31. dxe6+ Kxe6 32. Bd5+ Kd6 33. Bf7 1-0

[Event "NRW-ch U12"]
[Site "Kranenburg"]
[Date "2007.04.14"]
[Round "7"]
[White "Azizi, Nassim"]
[Black "Eigemann, Julian"]
[Result "0-1"]
[WhiteElo "1404"]
[BlackElo "1468"]
[PlyCount "110"]
[EventDate "2007.04.09"]
[EventType "swiss"]
[EventRounds "7"]
[EventCountry "GER"]
[SourceTitle "EXT 2008"]
[Source "ChessBase"]
[SourceDate "2007.11.25"]
[SourceVersion "1"]
[SourceVersionDate "2007.11.25"]
[SourceQuality "1"]

1. e4 d5 2. exd5 Qxd5 3. Nc3 Qa5 4. Bc4 Nf6 5. d3 c6 6. Bd2 Qc7 7. Qe2 Bf5 8. h3 h5 9. Nf3 e6 10. 0-0-0 b5 11. Bb3 Nbd7 12. Nd4 Be7 13. Nxf5 exf5 14. Rde1 Nc5 15. g3 a5 16. Bf4 Qd7 17. a3 b4 18. Na4 Nxa4 19. Bxa4 Rc8 20. Qe5 Kf8 21. axb4 axb4 22. Bg5 Bd6 23. Qd4 Nd5 24. Qxd5 Bf4+ 25. gxf4 Qxd5 26. Be7+ Kg8 27. Bb3 Qf3 28. Rhg1 Qxf4+ 29. Kb1 Re8 30. Bxb4 Rxe1+ 31. Bxe1 Qh2 32. Rg3 f4 33. Rf3 Qh1 34. Rxf4 Qxe1+ 35. Ka2 Kh7 36. Bxf7 Qe5 37. Re4 Ra8+ 38. Kb1 Qf6 39. Bxh5 Qxf2 40. c3 Qf1+ 41. Kc2 Qxh3 42. Bg4 Qg2+ 43. Be2 g5 44. Re7+ Kg6 45. Re6+ Kf5 46. Re4 Rg8 47. Kb3 g4 48. Re7 Kf6 49. Re4 Qxe4 50. dxe4 g3 51. Bf3 g2 52. Bxg2 Rxg2 53. c4 Ke5 54. Kc3 Kxe4 55. b4 Rg3+ 0-1

[Event "Goch op 17th"]
[Site "Goch"]
[Date "2006.10.14"]
[Round "5"]
[White "Azizi, Nassim"]
[Black "Douteil, Dominik"]
[Result "0-1"]
[WhiteElo "1342"]
[BlackElo "1779"]
[PlyCount "120"]
[EventDate "2006.10.12"]
[EventType "swiss"]
[EventRounds "7"]
[EventCountry "GER"]
[SourceTitle "EXT 2008"]
[Source "ChessBase"]
[SourceDate "2007.11.25"]
[SourceVersion "1"]
[SourceVersionDate "2007.11.25"]
[SourceQuality "1"]

1. d4 Nf6 2. c4 g6 3. Nc3 Bg7 4. Nf3 d6 5. Bf4 Nh5 6. Bg3 Bg4 7. e3 Nc6 8. Be2 0-0 9. Qd2 a6 10. 0-0 e6 11. Ne1 Bxe2 12. Qxe2 e5 13. d5 Ne7 14. Rc1 f5 15. f4 e4 16. Bf2 Nf6 17. Nc2 c5 18. Be1 Qd7 19. Bd2 b5 20. b3 Rfb8 21. Rb1 Rb7 22. Rfd1 Rab8 23. Qe1 Nc8 24. Qf1 Nb6 25. h3 b4 26. Ne2 a5 27. Bc1 a4 28. Bb2 Ra7 29. Ra1 Rba8 30. Kh1 axb3 31. axb3 Ra2 32. Bxf6 Bxf6 33. Rxa2 Rxa2 34. Rc1 Rb2 35. Na1 Qa7 36. Kg1 Qa2 37. Re1 Rd2 38. Kh1 Nxc4 39. bxc4 Qxc4 40. Nc1 Qxf1+ 41. Rxf1 Bxa1 42. Nb3 Bc3 43. Nxd2 Bxd2 44. g3 c4 45. Ra1 Bxe3 46. Ra8+ Kg7 47. Rd8 Bc5 48. Rd7+ Kf6 49. g4 fxg4 50. hxg4 c3 51. Kg2 h6 52. g5+ hxg5 53. fxg5+ Kxg5 54. Rh7 c2 55. Rh1 Be3 56. Re1 c1Q 57. Rxc1 Bxc1 58. Kf2 b3 59. Ke2 b2 60. Kf2 b1Q 0-1

[Event "Goch op 17th"]
[Site "Goch"]
[Date "2006.10.13"]
[Round "3"]
[White "Azizi, Nassim"]
[Black "Winkler, Fabian"]
[Result "1/2-1/2"]
[WhiteElo "1342"]
[BlackElo "1668"]
[PlyCount "85"]
[EventDate "2006.10.12"]
[EventType "swiss"]
[EventRounds "7"]
[EventCountry "GER"]
[SourceTitle "EXT 2008"]
[Source "ChessBase"]
[SourceDate "2007.11.25"]
[SourceVersion "1"]
[SourceVersionDate "2007.11.25"]
[SourceQuality "1"]

1. d4 Nf6 2. c4 e5 3. dxe5 Ng4 4. Nf3 Nc6 5. Nc3 Bb4 6. Bd2 Ngxe5 7. e3 Bxc3 8. Bxc3 Qe7 9. Be2 0-0 10. Nxe5 Nxe5 11. Qc2 b6 12. 0-0-0 d6 13. Bd3 Nxd3+ 14. Qxd3 Bb7 15. Rhg1 Rae8 16. g4 Qh4 17. Qd4 f6 18. Qf4 Re4 19. Qg3 Qxg3 20. Rxg3 Rxc4 21. Rd4 Rxd4 22. Bxd4 c5 23. Bc3 g6 24. Rg1 f5 25. g5 Re8 26. Rd1 d5 27. Bf6 Re4 28. Kc2 Kf7 29. a3 Ke6 30. Rd2 h6 31. Kc1 f4 32. exf4 Rxf4 33. Re2+ Re4 34. Rxe4+ dxe4 35. Bd8 hxg5 36. Bxg5 Kd5 37. Bf4 b5 38. Kc2 Bc8 39. Be3 a5 40. Bd2 a4 41. Kc3 Bh3 42. Bf4 Bf1 43. Bg3 1/2-1/2

[Event "GER-ch U10"]
[Site "Willingen"]
[Date "2006.06.07"]
[Round "8"]
[White "Weber, Clemens"]
[Black "Azizi, Nassim"]
[Result "0-1"]
[WhiteElo "1174"]
[BlackElo "1331"]
[PlyCount "126"]
[EventDate "2006.06.04"]
[EventType "swiss"]
[EventRounds "11"]
[EventCountry "GER"]
[SourceTitle "EXT 2007"]
[Source "ChessBase"]
[SourceDate "2006.11.23"]
[SourceVersion "1"]
[SourceVersionDate "2006.11.23"]
[SourceQuality "1"]

1. e4 c5 2. Nf3 Nc6 3. d4 cxd4 4. Nxd4 a6 5. Nc3 e6 6. Be2 Nge7 7. Be3 Ng6 8. 0-0 Be7 9. f4 b5 10. Nxc6 dxc6 11. Qxd8+ Bxd8 12. Rad1 Be7 13. Rd2 Bb7 14. a3 c5 15. e5 Rd8 16. Rxd8+ Kxd8 17. Bf3 Bxf3 18. Rxf3 Kc7 19. Ne4 Kc6 20. c3 Rd8 21. Rf1 Rd3 22. Re1 Nh4 23. Bf2 Ng6 24. Be3 c4 25. g3 Nf8 26. Kf2 Nd7 27. Ke2 h6 28. Bd4 Bc5 29. Bxc5 Nxc5 30. Nxc5 Kxc5 31. Rd1 Rxd1 32. Kxd1 Kd5 33. Ke2 Ke4 34. h3 g6 35. h4 h5 36. Kf2 Kd3 37. Kf3 Kc2 38. g4 Kxb2 39. gxh5 gxh5 40. Ke4 Kxc3 41. f5 Kb3 42. fxe6 fxe6 43. Kf4 c3 44. Kg5 c2 45. Kxh5 c1Q 46. Kg6 Qg1+ 47. Kf6 Qg4 48. h5 Qf5+ 49. Ke7 Qxe5 50. h6 Qg5+ 51. Kxe6 Qxh6+ 52. Ke5 Kc4 53. Ke4 Qe6+ 54. Kf3 Kd3 55. Kf4 Qe4+ 56. Kg5 Qf3 57. Kg6 Qf4 58. Kg7 Qf5 59. Kg8 Qd7 60. Kf8 Ke4 61. Kg8 Kf5 62. a4 Kg6 63. Kf8 Qd8# 0-1

[Event "GER-ch U10"]
[Site "Willingen"]
[Date "2006.06.06"]
[Round "6"]
[White "Mueller, Alexandra"]
[Black "Azizi, Nassim"]
[Result "1/2-1/2"]
[WhiteElo "1149"]
[BlackElo "1331"]
[PlyCount "103"]
[EventDate "2006.06.04"]
[EventType "swiss"]
[EventRounds "11"]
[EventCountry "GER"]
[SourceTitle "EXT 2007"]
[Source "ChessBase"]
[SourceDate "2006.11.23"]
[SourceVersion "1"]
[SourceVersionDate "2006.11.23"]
[SourceQuality "1"]

1. e4 c5 2. Nf3 Nc6 3. Nc3 a6 4. d4 cxd4 5. Nxd4 e6 6. a3 Nge7 7. Be3 Ng6 8. Be2 Be7 9. Qd2 b5 10. Nxc6 dxc6 11. Qxd8+ Bxd8 12. 0-0 0-0 13. Bd3 Be7 14. Ne2 Bb7 15. Ng3 c5 16. c4 Bc6 17. cxb5 axb5 18. f3 c4 19. Bc2 f6 20. Rfd1 Rfd8 21. Rxd8+ Rxd8 22. Rd1 Rxd1+ 23. Bxd1 Kf7 24. Kf2 Ke8 25. Ke2 Kd7 26. Kd2 Nh4 27. Nh5 Bf8 28. g3 Ng6 29. Nf4 Nxf4 30. Bxf4 e5 31. Be3 b4 32. axb4 Bxb4+ 33. Kc2 Ba4+ 34. Kc1 Bb3 35. Bxb3 cxb3 36. Bd2 Bc5 37. Be1 Kc6 38. Kd2 Kb5 39. Kd3 Bd6 40. Bd2 Bb4 41. Bxb4 Kxb4 42. f4 g6 43. fxe5 fxe5 44. g4 g5 45. h3 h6 46. Kd2 Kb5 47. Kc3 Kc5 48. Kd3 Kb5 49. Kc3 Kc5 50. Kd3 Kb4 51. Kd2 Kc4 52. Ke3 1/2-1/2

[Event "GER-ch U10"]
[Site "Willingen"]
[Date "2006.06.05"]
[Round "5"]
[White "Azizi, Nassim"]
[Black "Hellwig, Immo"]
[Result "1-0"]
[WhiteElo "1331"]
[BlackElo "1074"]
[PlyCount "85"]
[EventDate "2006.06.04"]
[EventType "swiss"]
[EventRounds "11"]
[EventCountry "GER"]
[SourceTitle "EXT 2007"]
[Source "ChessBase"]
[SourceDate "2006.11.23"]
[SourceVersion "1"]
[SourceVersionDate "2006.11.23"]
[SourceQuality "1"]

1. e4 d5 2. exd5 Qxd5 3. Nc3 Qa5 4. d4 Nf6 5. Bd2 Qb6 6. Rb1 Bf5 7. Nf3 e6 8. Bc4 Nbd7 9. Bf4 Bd6 10. Be3 Ng4 11. Bd3 Nxe3 12. fxe3 Bg4 13. Ne4 0-0-0 14. Nxd6+ Qxd6 15. c4 f5 16. c5 Qd5 17. b3 Nf6 18. h3 Bh5 19. 0-0 g5 20. Qd2 g4 21. Bc4 Qc6 22. Ne5 Ne4 23. Nxc6 Nxd2 24. Bxe6+ Rd7 25. Bxd7+ Kxd7 26. Ne5+ Ke6 27. hxg4 fxg4 28. Rbd1 Nxf1 29. Rxf1 g3 30. Rf4 Re8 31. Rh4 Be2 32. Rf4 c6 33. Ng4 Rg8 34. Nf6 Rf8 35. Nd5 Rf5 36. Nc7+ Kf6 37. Ne8+ Kg6 38. Rxf5 Kxf5 39. Nd6+ Ke6 40. b4 b5 41. a3 a6 42. Ne4 Kf5 43. Nxg3+ 1-0

[Event "GER-ch U10"]
[Site "Willingen"]
[Date "2006.06.04"]
[Round "2"]
[White "Xu, Xianliang"]
[Black "Azizi, Nassim"]
[Result "1/2-1/2"]
[WhiteElo "1542"]
[BlackElo "1331"]
[PlyCount "70"]
[EventDate "2006.06.04"]
[EventType "swiss"]
[EventRounds "11"]
[EventCountry "GER"]
[SourceTitle "EXT 2007"]
[Source "ChessBase"]
[SourceDate "2006.11.23"]
[SourceVersion "1"]
[SourceVersionDate "2006.11.23"]
[SourceQuality "1"]

1. c4 c5 2. Nc3 g6 3. Nf3 Bg7 4. g3 Nc6 5. Bg2 Nf6 6. 0-0 0-0 7. d3 d6 8. Bd2 Bd7 9. a3 Rb8 10. Rb1 a6 11. b4 b6 12. e3 e5 13. Qc2 Re8 14. Ne1 Ng4 15. h3 Nh6 16. f4 f5 17. Nf3 Nf7 18. Nh2 Nh6 19. g4 Rf8 20. Be1 Qc8 21. g5 Nf7 22. Bf2 Qd8 23. bxc5 bxc5 24. Rxb8 Qxb8 25. Rb1 Qa7 26. Nd5 Rb8 27. Nf3 Rb7 28. Nd2 Be8 29. h4 Bh8 30. Rxb7 Qxb7 31. Qb3 Qxb3 32. Nxb3 exf4 33. exf4 Bb2 34. a4 Nb8 35. a5 Ba4 1/2-1/2